L'Un ne va pas sans l'Autre #3 - Statistiques

Statistiques générales
  • Ce quiz a été pris 212 fois
  • Le résultat moyen est 7 sur 15
Statistiques - réponses
Les Uns Les Autres % Correct
McFly Carlito
93%
Pythagore Thalès
82%
Cosinus, Sinus Tangente
78%
Travail, Famille Patrie
71%
Fémur, Péroné Tibia
70%
Starsky Hutch
67%
Macron destitution, Macron décapitation Macron explosion !
52%
Google, Youtube Facebook
46%
Radius, Humérus Ulna
36%
Cercle, Disque Sphère
32%
Java, Sumatra Bornéo
25%
Expressionnisme, Cubisme Surréalisme
15%
Bedrock Java
14%
Pablo, Ruiz Picasso
12%
Illuminati Reptiliens
10%
Aucun quiz correspondant
Distribution des résultats
% des personnes avec chaque résultat
Percentile par nombre de réponses
Votre historique - résultats
Vous n’avez pas pris ce quiz